000 00689nam a2200181 4500
003 CO-ViMGA
020 _a9789588827377
040 _aCO-ViMGA
_bspa
_cCO-ViMGA
082 0 4 _a306.06
_bC181
110 _aMinisterio de cultura, república de Colombia.
_97477
245 1 0 _aCasas que cuentan :
_blibro sonoro de las casas de la cultura /
_cMinisterio de cultura, república de Colombia.
260 _aColombia:
_bImprenta nacional,
_c2014.
300 _a116 p. :
_bil. ; 28 cm.
_e+ CD-ROW
650 1 4 _aCasas de la cultura - Colombia - Evaluación.
_97479
650 1 4 _aCentros culturales - Historia - Colombia.
_97478
650 1 4 _aOrganizaciones culturales - Colombia.
_97480
942 _2ddc
_cBK
999 _c37745
_d37745